Riconosci le Bandiere sbagliate - Europa - Quiz n°4 - Statistics

Statistiche generali
  • Questo quiz è stato fatto 8 volte
  • Il punteggio medio è 24 su 30
Statistiche sulle risposte
Domanda Casella Select % Corretto
tutte le bandiere sbagliate
100%
tutte le bandiere sbagliate No
100%
tutte le bandiere sbagliate No
100%
tutte le bandiere sbagliate No
100%
tutte le bandiere sbagliate
100%
tutte le bandiere sbagliate No
100%
tutte le bandiere sbagliate No
100%
tutte le bandiere sbagliate No
100%
tutte le bandiere sbagliate No
100%
tutte le bandiere sbagliate
88%
tutte le bandiere sbagliate
88%
tutte le bandiere sbagliate No
88%
tutte le bandiere sbagliate No
88%
tutte le bandiere sbagliate No
88%
tutte le bandiere sbagliate No
88%
tutte le bandiere sbagliate No
88%
tutte le bandiere sbagliate No
75%
tutte le bandiere sbagliate No
75%
tutte le bandiere sbagliate No
75%
tutte le bandiere sbagliate
75%
tutte le bandiere sbagliate No
75%
tutte le bandiere sbagliate No
75%
tutte le bandiere sbagliate No
75%
tutte le bandiere sbagliate
75%
tutte le bandiere sbagliate
63%
tutte le bandiere sbagliate No
63%
tutte le bandiere sbagliate
63%
tutte le bandiere sbagliate
50%
tutte le bandiere sbagliate
13%
tutte le bandiere sbagliate
0%
Nessun quiz corrispondente trovato
Distribuzione punteggi
Percentuale di utenti per punteggio
Percentile per numero di risposta
I tuoi punteggi nel tempo
Non hai fatto questo quiz